[Event "WYCC 2004 - B10"]
[Site "Creta Maris Conference Hotel"]
[Date "2004.11.10"]
[Round "7.3"]
[White "Swiercz, Dariusz"]
[Black "Zhao, Parker"]
[Result "1/2-1/2"]
[WhiteElo "2045"]
[BlackElo "1975"]
[PlyCount "166"]
[EventDate "2004.11.04"]

1. e4 c5 2. Nf3 e6 3. b3 d6 4. Bb5+ Nd7 5. Bb2 Ngf6 6. Qe2 a6 7. Bxd7+ Bxd7 8.
d4 cxd4 9. Nxd4 b5 10. O-O Be7 11. f4 O-O 12. Nd2 Qc7 13. Qd3 Rfc8 14. Rac1 Be8
15. N2f3 Nd7 16. Kh1 Qb7 17. Rce1 Nc5 18. Qe3 Nd7 19. Rf2 Nf6 20. Qd3 Qb6 21.
Rfe2 b4 22. Qd2 Qc5 23. e5 dxe5 24. Rxe5 Qc7 25. f5 Bd6 26. R5e2 Bb5 27. Nxb5
axb5 28. fxe6 Rxa2 29. exf7+ Kxf7 30. Ng5+ Kg8 31. Bxf6 gxf6 32. Qd5+ Kh8 33.
Re8+ Bf8 34. Rxc8 Qxc8 35. Ne6 Qc3 36. Rg1 Ra1 37. h3 Rxg1+ 38. Kxg1 Qc8 39.
Qf5 Be7 40. Qg4 Qg8 41. Qxg8+ Kxg8 42. Nc7 Kf7 43. Kf1 Bd8 44. Nxb5 Ke6 45.
Nd4+ Kd5 46. Nf3 f5 47. Ke2 Ke4 48. Kf2 h5 49. Ke2 Bf6 50. Kf2 Bd8 51. Ke2 Bf6
52. Kd2 Bc3+ 53. Ke2 Bf6 54. Kf2 Bd8 55. Ke2 Bf6 56. Ne1 Kd4 57. Nd3 Kc3 58.
Kd1 Bg5 59. Nc5 Be7 60. Ne6 Bf6 61. Nc5 Kd4 62. Nd3 Be7 63. Nf4 h4 64. Ke2 Ke4
65. Nd3 Bd6 66. Ne1 Be7 67. Nd3 Bd6 68. Nb2 Kd4 69. Nc4 Bc7 70. Ne3 Ke4 71. Nc4
Kd4 72. Nd2 Bd8 73. Nf1 Bg5 74. Nh2 Bf6 75. Nf3+ Ke4 76. Ne1 Be5 77. Nd3 Bd6
78. Nb2 Kd4 79. Nc4 Bc7 80. Ne3 Ke4 81. Nc4 Kd4 82. Nd2 Bd8 83. Nf3+ Ke4
1/2-1/2

[Event "WYCC 2004 - B12"]
[Site "Creta Maris Conference Hotel"]
[Date "2004.11.10"]
[Round "7.3"]
[White "Kachko, Alexander"]
[Black "Jorczik, Julian"]
[Result "0-1"]
[WhiteElo "2223"]
[BlackElo "2037"]
[PlyCount "69"]
[EventDate "2004.11.04"]

1. e4 c5 2. Nc3 Nc6 3. g3 g6 4. d3 Bg7 5. Be3 d6 6. Qd2 Nd4 7. Nd1 e6 8. c3 Nc6
9. Bg2 b6 10. Ne2 Bb7 11. h4 Qc7 12. h5 O-O-O 13. c4 Nge7 14. Ndc3 a6 15. O-O-O
Nd4 16. Bf4 Nec6 17. Nxd4 Nxd4 18. Ne2 Kb8 19. Nxd4 Bxd4 20. Be3 f5 21. Kb1 Bg7
22. Rh2 Ka7 23. Bg5 Rd7 24. Rdh1 Re8 25. hxg6 hxg6 26. exf5 exf5 27. f4 d5 28.
cxd5 Bxd5 29. Bxd5 Rxd5 30. Rh7 Rd7 31. Re1 Rxe1+ 32. Qxe1 Qd6 33. Qe2 Qd4 34.
a3 b5 35. Qe6 0-1

[Event "WYCC 2004 - B12"]
[Site "Creta Maris Conference Hotel"]
[Date "2004.11.10"]
[Round "7.4"]
[White "Ter Sahakyan, Samvel"]
[Black "Safarli, Eltaj"]
[Result "0-1"]
[WhiteElo "2125"]
[BlackElo "2306"]
[PlyCount "104"]
[EventDate "2004.11.04"]

1. e4 e5 2. Nf3 Nc6 3. Bc4 Nf6 4. d4 exd4 5. O-O Nxe4 6. Re1 d5 7. Bxd5 Qxd5 8.
Nc3 Qa5 9. Nxe4 Be6 10. Neg5 O-O-O 11. Nxe6 fxe6 12. Rxe6 Bd6 13. Bg5 Rde8 14.
Qe2 Kd7 15. Rxe8 Rxe8 16. Qd3 g6 17. Bf6 Nb4 18. Qe4 Qf5 19. Bxd4 Nxc2 20. Rc1
Nxd4 21. Qxd4 Qf4 22. Qxf4 Bxf4 23. Rd1+ Bd6 24. Kf1 c5 25. Ng5 Kc6 26. f3 Bxh2
27. Nxh7 Rh8 28. Ng5 Be5 29. b3 Bd4 30. Ne4 Rh1+ 31. Ke2 Rh2 32. Kf1 a5 33. Nd2
Kb5 34. Nc4 a4 35. Nd6+ Kc6 36. Nc8 a3 37. Ne7+ Kb5 38. Nxg6 Kb4 39. f4 Kc3 40.
f5 Rh5 41. g4 Rh2 42. Ne7 Kc2 43. Re1 Rf2+ 44. Kg1 Rxf5+ 45. Kg2 Rf2+ 46. Kg3
Kd3 47. Nf5 Rxa2 48. Nxd4 cxd4 49. g5 Re2 50. Ra1 a2 51. Kf4 Kc3 52. g6 Kb2 0-1

[Event "WYCC 2004 - B12"]
[Site "Creta Maris Conference Hotel"]
[Date "2004.11.10"]
[Round "7.5"]
[White "Pak, Evgeniy"]
[Black "Mihok, Oliver"]
[Result "1-0"]
[WhiteElo "2235"]
[BlackElo "2086"]
[PlyCount "81"]
[EventDate "2004.11.04"]

1. d4 Nf6 2. c4 c5 3. d5 b5 4. cxb5 a6 5. bxa6 g6 6. Nc3 Bxa6 7. Nf3 d6 8. g3
Bg7 9. Bg2 Nbd7 10. O-O Nb6 11. Nh4 O-O 12. Qc2 Qc7 13. Rd1 Rfb8 14. Rb1 Ng4
15. h3 Ne5 16. b3 f5 17. Bb2 Nbd7 18. Ba1 Qa5 19. e4 fxe4 20. Nxe4 Bb7 21. f4
Nf7 22. Bxg7 Kxg7 23. a4 Nf6 24. Qb2 c4 25. g4 Qb6+ 26. Kh1 Kg8 27. Nxf6+ exf6
28. Qxf6 cxb3 29. f5 g5 30. Nf3 Qe3 31. Re1 Qf4 32. Nd4 Re8 33. Rxe8+ Rxe8 34.
Ne6 Qe5 35. Qxe5 dxe5 36. Rxb3 Bc8 37. Rb8 Bd7 38. Rxe8+ Bxe8 39. a5 Bb5 40.
Nc7 Nd6 41. a6 1-0

[Event "WYCC 2004 - B12"]
[Site "Creta Maris Conference Hotel"]
[Date "2004.11.10"]
[Round "7.8"]
[White "Strzemiecki, Zbigniew"]
[Black "Grizenko, Andrey"]
[Result "1/2-1/2"]
[WhiteElo "2105"]
[BlackElo "2168"]
[PlyCount "106"]
[EventDate "2004.11.04"]

1. e4 c5 2. Nf3 e6 3. c4 a6 4. Nc3 Nc6 5. Be2 Nd4 6. O-O Qc7 7. d3 Nf6 8. Be3
Nxe2+ 9. Qxe2 d6 10. d4 cxd4 11. Bxd4 Be7 12. e5 dxe5 13. Bxe5 Bd6 14. Bxf6
gxf6 15. Nd5 Qd8 16. Rad1 Bc7 17. Nb6 Bxh2+ 18. Nxh2 Qxb6 19. Ng4 Ke7 20. Ne3
Kf8 21. Qh5 h6 22. Ng4 e5 23. Ne3 Be6 24. b3 Ke7 25. Rd2 Rad8 26. Rfd1 Rxd2 27.
Rxd2 Rd8 28. Rxd8 Qxd8 29. Qxh6 Qa5 30. Nf1 Qxa2 31. Qe3 Qa5 32. Nd2 Qa1+ 33.
Kh2 Qd4 34. Qxd4 exd4 35. Kg1 Kd6 36. Kf1 Bf5 37. b4 b6 38. Ke2 Bc2 39. Nf3 d3+
40. Kd2 a5 41. c5+ bxc5 42. bxa5 Kc6 43. Kc3 Kb5 44. Nd2 Kxa5 45. Ne4 Kb5 46.
Nxf6 Kc6 47. Ne4 Kd5 48. Nd2 f5 49. Nc4 Ke4 50. Nd6+ Ke5 51. Nc4+ Ke4 52. Nd6+
Ke5 53. Nc4+ Ke4 1/2-1/2

[Event "WYCC 2004 - G12"]
[Site "Creta Maris Conference Hotel"]
[Date "2004.11.10"]
[Round "7.1"]
[White "Bulmaga, Irina"]
[Black "Kulon, Klaudia"]
[Result "0-1"]
[WhiteElo "2028"]
[BlackElo "1918"]
[PlyCount "86"]
[EventDate "2004.11.04"]

1. e4 c5 2. Nf3 d6 3. d4 Nf6 4. Nc3 cxd4 5. Qxd4 a6 6. Bg5 Nc6 7. Qd2 h6 8.
Bxf6 gxf6 9. O-O-O e6 10. Kb1 Be7 11. Nd4 Bd7 12. f4 b5 13. f5 Qb6 14. fxe6
fxe6 15. Be2 h5 16. Nxc6 Bxc6 17. Bf3 O-O-O 18. Qd4 Qb7 19. a4 b4 20. Na2 a5
21. Qc4 Kd7 22. Qc5 Bxa4 23. b3 Bb5 24. e5 d5 25. Qd4 f5 26. Qe3 Qc6 27. Rd2
Bf8 28. Qf2 Bh6 29. Rd4 Bf8 30. Rd2 Bc5 31. Qg3 Rdg8 32. Qf4 Be7 33. Qd4 Rc8
34. Qa7+ Rc7 35. Qxa5 Ra8 36. Nxb4 Rxa5 37. Nxc6 Bxc6 38. Bxh5 Bb4 39. c3 Bxc3
40. Rdd1 Bxe5 41. Rde1 Ra1+ 42. Kc2 Bb5+ 43. Kd2 Bf4+ 0-1

[Event "WYCC 2004 - G12"]
[Site "Creta Maris Conference Hotel"]
[Date "2004.11.10"]
[Round "7.3"]
[White "Lakshmi, Sahiti P"]
[Black "Muzychuk, Mariya"]
[Result "1/2-1/2"]
[WhiteElo "1996"]
[BlackElo "2057"]
[PlyCount "120"]
[EventDate "2004.11.04"]

1. e4 c5 2. Nf3 Nc6 3. d4 cxd4 4. Nxd4 Nf6 5. Nc3 e5 6. Ndb5 d6 7. Bg5 a6 8.
Bxf6 gxf6 9. Na3 b5 10. Nd5 Bg7 11. Bd3 Ne7 12. Nxe7 Qxe7 13. O-O f5 14. c4 O-O
15. Qf3 bxc4 16. Nxc4 d5 17. exd5 e4 18. Qe3 Bb7 19. d6 Qf6 20. Bc2 f4 21. Qh3
Rac8 22. b3 Rc5 23. Rad1 Rd8 24. d7 Bd5 25. Rxd5 Rxd5 26. Bxe4 R5xd7 27. Qxh7+
Kf8 28. Qf5 Qxf5 29. Bxf5 Rd1 30. Bc2 Rxf1+ 31. Kxf1 Re8 32. g3 Bc3 33. gxf4
Re1+ 34. Kg2 Re2 35. Ne3 Bd4 36. Kf3 Rd2 37. Bb1 Rb2 38. Bd3 Rxa2 39. Nc2 Bc3
40. Ke4 Rb2 41. Kd5 a5 42. Kc4 Bf6 43. h3 Rb1 44. f3 Rh1 45. Bf5 Rf1 46. Be4
Rg1 47. Bf5 Bb2 48. Bg4 Rh1 49. Kb5 Bc3 50. Na3 Ra1 51. Nc4 Rb1 52. Ka4 Ke7 53.
Bf5 Rf1 54. Be4 f5 55. Bb7 Kf6 56. Ne3 Ra1+ 57. Kb5 Bd2 58. Nc4 Bxf4 59. Nxa5
Bc7 60. Nc4 Kg5 1/2-1/2

[Event "WYCC 2004 - G12"]
[Site "Creta Maris Conference Hotel"]
[Date "2004.11.10"]
[Round "7.4"]
[White "Madanasri, Gundala"]
[Black "Paikidze, Nazi"]
[Result "1/2-1/2"]
[WhiteElo "1960"]
[BlackElo "2028"]
[PlyCount "74"]
[EventDate "2004.11.04"]

1. Nf3 Nf6 2. g3 g6 3. b4 Bg7 4. Bb2 b6 5. Bg2 Bb7 6. O-O O-O 7. d3 d6 8. e4
Nbd7 9. Nbd2 Re8 10. c3 e6 11. Re1 d5 12. Qc2 dxe4 13. Nxe4 Nxe4 14. dxe4 Qe7
15. a3 c5 16. b5 c4 17. a4 Nc5 18. Ba3 Qc7 19. Bxc5 Qxc5 20. Nd2 Bh6 21. Bf1
Bxd2 22. Qxd2 Red8 23. Qe3 Rac8 24. Qxc5 Rxc5 25. f3 a6 26. bxa6 Bxa6 27. Red1
Rdc8 28. Rd6 R5c6 29. Rad1 Kf8 30. Kf2 b5 31. axb5 Bxb5 32. e5 Rc5 33. f4 Ra8
34. Rd8+ Rxd8 35. Rxd8+ Ke7 36. Rd4 f6 37. exf6+ Kxf6 1/2-1/2

[Event "WYCC 2004 - B14"]
[Site "Creta Maris Conference Hotel"]
[Date "2004.11.10"]
[Round "7.3"]
[White "Kuzubov, Yuriy"]
[Black "Pena, Alfredo"]
[Result "1-0"]
[WhiteElo "2530"]
[BlackElo "2242"]
[PlyCount "81"]
[EventDate "2004.11.04"]

1. d4 Nf6 2. c4 g6 3. Nc3 Bg7 4. e4 O-O 5. Be2 d6 6. Bg5 Na6 7. Qd2 e5 8. d5 c6
9. h4 h5 10. f3 cxd5 11. cxd5 Nc5 12. Nh3 a6 13. Nf2 Bd7 14. O-O Rc8 15. Rfc1
Qe8 16. Bd1 a5 17. a3 a4 18. Nd3 b6 19. Nb4 Ra8 20. Bc2 Nh7 21. Be3 f5 22. Nc6
Bxc6 23. dxc6 Qxc6 24. Qd5+ Qxd5 25. Nxd5 fxe4 26. Nxb6 Ra6 27. Bxc5 dxc5 28.
Nd7 Rc8 29. Bxe4 Bh6 30. Bb7 Bxc1 31. Rxc1 Rc7 32. Bxa6 Rxd7 33. Rxc5 Rd1+ 34.
Kh2 Re1 35. Bd3 Nf8 36. Ra5 Rd1 37. Bc4+ Kg7 38. Rxa4 Nd7 39. Ra7 Kf6 40. Ra6+
Kg7 41. Bb5 1-0

[Event "WYCC 2004 - B14"]
[Site "Creta Maris Conference Hotel"]
[Date "2004.11.10"]
[Round "7.4"]
[White "Spoelman, Wouter"]
[Black "Leniart, Arkadiusz"]
[Result "1/2-1/2"]
[WhiteElo "2357"]
[BlackElo "2235"]
[PlyCount "131"]
[EventDate "2004.11.04"]

1. e4 e5 2. Nf3 Nc6 3. Bb5 a6 4. Ba4 Nf6 5. O-O Be7 6. Re1 b5 7. Bb3 d6 8. c3
O-O 9. h3 Na5 10. Bc2 c5 11. d4 Nd7 12. d5 Nc4 13. a4 Rb8 14. b3 Ncb6 15. a5
Na8 16. Nbd2 g6 17. g4 h6 18. Nf1 Kg7 19. Ng3 Bg5 20. Nxg5 hxg5 21. Qd2 Rh8 22.
Qxg5 Qxg5 23. Bxg5 f6 24. Be3 Rxh3 25. Kg2 Rh8 26. g5 Nc7 27. f4 fxg5 28. f5 g4
29. Rf1 Nf6 30. Bg5 Nce8 31. Rf2 Rb7 32. Raf1 Rf7 33. c4 b4 34. Rh1 Rxh1 35.
Kxh1 Rf8 36. Rh2 Rg8 37. Be3 gxf5 38. exf5 Rh8 39. Rxh8 Kxh8 40. Kg2 Kg7 41.
Bg5 Kf7 42. Nf1 Ng7 43. Ne3 e4 44. Kg3 Nxf5+ 45. Nxf5 Bxf5 46. Kh4 Ne8 47. Bf4
Kf6 48. Bd1 e3 49. Bxe3 Ke5 50. Kg5 Bd7 51. Bc2 g3 52. Bf4+ Kd4 53. Bxg3 Kc3
54. Bd1 Kd2 55. Bh5 Kc2 56. Bxe8 Bxe8 57. Bxd6 Kxb3 58. Bxc5 Kxc4 59. Bf8 b3
60. Bg7 Kxd5 61. Kf4 Kc4 62. Ke3 Kb4 63. Kd2 Kxa5 64. Kc3 Ka4 65. Kb2 Bf7 66.
Bf8 1/2-1/2

[Event "WYCC 2004 - B14"]
[Site "Creta Maris Conference Hotel"]
[Date "2004.11.10"]
[Round "7.5"]
[White "Rothuis, Vincent"]
[Black "Cordova, Emilio"]
[Result "1-0"]
[WhiteElo "2217"]
[BlackElo "2347"]
[PlyCount "73"]
[EventDate "2004.11.04"]

1. e4 d6 2. d4 Nf6 3. Nc3 g6 4. f3 c6 5. Be3 b5 6. Qd2 Nbd7 7. d5 b4 8. dxc6
bxc3 9. cxd7+ Bxd7 10. Qxc3 Bg7 11. Qd2 O-O 12. Bd3 Qb8 13. c4 e6 14. Ne2 d5
15. exd5 exd5 16. c5 Nh5 17. Rb1 Be5 18. f4 Bc7 19. O-O Re8 20. Ng3 Nxg3 21.
hxg3 Qd8 22. Bd4 Bg4 23. Rbe1 Qd7 24. Rxe8+ Rxe8 25. Re1 Rxe1+ 26. Qxe1 Qa4 27.
Qe3 Be6 28. a3 Qd1+ 29. Kf2 Qa4 30. Bc3 Kf8 31. Qd4 Qc6 32. b4 a6 33. Bc2 h5
34. Bb3 Ke7 35. a4 Qb7 36. b5 h4 37. Qf6+ 1-0

[Event "WYCC 2004 - B14"]
[Site "Creta Maris Conference Hotel"]
[Date "2004.11.10"]
[Round "7.9"]
[White "Matlakov, Maxim"]
[Black "Edouard, Romain"]
[Result "1/2-1/2"]
[WhiteElo "2362"]
[BlackElo "2212"]
[PlyCount "74"]
[EventDate "2004.11.04"]

1. e4 c5 2. Nf3 d6 3. c3 Nf6 4. Be2 Nbd7 5. d3 e6 6. O-O Be7 7. Re1 O-O 8. Bf1
b6 9. d4 Bb7 10. Nbd2 e5 11. dxe5 Nxe5 12. Qc2 a6 13. a4 Re8 14. Nxe5 dxe5 15.
Nf3 Qc7 16. Bc4 h6 17. Nh4 Bf8 18. Nf5 Qd7 19. Rd1 Qc6 20. Qb3 Qc7 21. f3 b5
22. Bf1 c4 23. Qc2 Rad8 24. Be3 Bc5 25. Bxc5 Qxc5+ 26. Qf2 Qxf2+ 27. Kxf2 Bc8
28. Ne3 Be6 29. Ke1 Kf8 30. axb5 axb5 31. Ra5 Rxd1+ 32. Kxd1 Rb8 33. Nc2 Nd7
34. Na3 b4 35. cxb4 Rxb4 36. Kc2 Ke7 37. Be2 Kd6 1/2-1/2

[Event "WYCC 2004 - G14"]
[Site "Creta Maris Conference Hotel"]
[Date "2004.11.10"]
[Round "7.1"]
[White "Ohme, Melanie"]
[Black "Harika, Dronavalli"]
[Result "0-1"]
[WhiteElo "2022"]
[BlackElo "2391"]
[PlyCount "70"]
[EventDate "2004.11.04"]

1. e4 c5 2. Nf3 Nc6 3. d4 cxd4 4. Nxd4 Nf6 5. Nc3 e5 6. Ndb5 d6 7. Bg5 a6 8.
Na3 b5 9. Nd5 Be7 10. Bxf6 Bxf6 11. c3 O-O 12. Nc2 Bg5 13. a4 bxa4 14. Rxa4 a5
15. Bb5 Ne7 16. Ncb4 Bd7 17. Bxd7 axb4 18. Rxa8 Qxa8 19. O-O Nxd5 20. Qxd5 Qxd5
21. exd5 bxc3 22. bxc3 Rb8 23. g3 g6 24. Ra1 Bd2 25. c4 Bc3 26. Ra3 Rb1+ 27.
Kg2 Bd4 28. Ra2 f5 29. Be6+ Kg7 30. g4 fxg4 31. Bxg4 Kf6 32. Be2 Kg5 33. Kg3
Rg1+ 34. Kf3 Rg4 35. Bd3 e4+ 0-1

[Event "WYCC 2004 - G14"]
[Site "Creta Maris Conference Hotel"]
[Date "2004.11.10"]
[Round "7.3"]
[White "Muzychuk, Anna"]
[Black "Charochkina, Daria"]
[Result "1-0"]
[WhiteElo "2383"]
[BlackElo "2160"]
[PlyCount "93"]
[EventDate "2004.11.04"]

1. e4 c5 2. Nf3 Nc6 3. d3 g6 4. g3 Bg7 5. Bg2 e6 6. O-O Nge7 7. c3 O-O 8. Re1
e5 9. a4 h6 10. Na3 d5 11. exd5 Nxd5 12. Nc4 Re8 13. Nfd2 Bf5 14. Ne4 Bxe4 15.
dxe4 Nb6 16. Bf1 Qc7 17. Qd6 Rac8 18. Qxc5 Bf8 19. Qb5 Nxc4 20. Qxc4 Qe7 21.
Qa2 Kh8 22. Bh3 Rc7 23. Be3 b6 24. Rad1 Na5 25. Rd5 Qf6 26. Bf1 Kh7 27. Red1
Qe6 28. Bb5 Rb8 29. Kg2 Nb7 30. Qb1 g5 31. Bd7 Qf6 32. Bf5+ Kg8 33. f4 Bd6 34.
fxg5 hxg5 35. Rf1 Qg7 36. Qc1 f6 37. Qd1 Qe7 38. Qh5 Qf7 39. Bg6 Qe6 40. Bf5
Qf7 41. Qg4 Re8 42. h4 Rc4 43. hxg5 fxg5 44. Qxg5+ Qg7 45. Qh5 Re7 46. Bh6 Qf7
47. Bh7+ 1-0

[Event "WYCC 2004 - G14"]
[Site "Creta Maris Conference Hotel"]
[Date "2004.11.10"]
[Round "7.4"]
[White "Rakic, Marija"]
[Black "Saulyte, Gabriele"]
[Result "0-1"]
[WhiteElo "2050"]
[BlackElo "1997"]
[PlyCount "100"]
[EventDate "2004.11.04"]

1. d4 Nf6 2. Nc3 d5 3. Bg5 Nbd7 4. Qd3 g6 5. e4 dxe4 6. Nxe4 Bg7 7. Nf3 c6 8.
O-O-O O-O 9. Re1 Re8 10. Kb1 a5 11. Qd2 a4 12. Bh6 b5 13. Bxg7 Kxg7 14. Qc3 Qb6
15. Nxf6 Nxf6 16. Qc5 Qxc5 17. dxc5 Be6 18. Ne5 Rac8 19. f3 Red8 20. c4 b4 21.
g4 Nd7 22. Nxd7 Rxd7 23. Be2 Ra8 24. Rd1 Ra5 25. Rxd7 Bxd7 26. Kc2 Rxc5 27. Kd3
Ra5 28. Kd4 e5+ 29. Ke4 f5+ 30. Ke3 Kf6 31. a3 b3 32. Kd2 c5 33. Ke3 Ra6 34.
Rd1 f4+ 35. Kf2 Ke6 36. Bd3 Rd6 37. h4 Rd4 38. h5 Kf6 39. hxg6 hxg6 40. Ke2 Bc6
41. g5+ Ke6 42. Kf2 e4 43. fxe4 Bxe4 44. Be2 Rxd1 45. Bxd1 Bd3 46. Bg4+ Kd6 47.
Kf3 Bxc4 48. Kxf4 Be6 49. Bf3 c4 50. Be4 Bf5 0-1

[Event "WYCC 2004 - G14"]
[Site "Creta Maris Conference Hotel"]
[Date "2004.11.10"]
[Round "7.6"]
[White "Guramishvili, Sopiko"]
[Black "Robles Garcia, Claudia"]
[Result "1-0"]
[WhiteElo "2132"]
[BlackElo "2053"]
[PlyCount "105"]
[EventDate "2004.11.04"]

1. d4 Nf6 2. c4 g6 3. Nc3 d5 4. Nf3 Bg7 5. Qb3 dxc4 6. Qxc4 O-O 7. Bf4 Na6 8.
e4 c5 9. dxc5 Qa5 10. e5 Be6 11. Qb5 Qxb5 12. Bxb5 Nd5 13. Nxd5 Bxd5 14. Rc1
Rfc8 15. c6 Bxc6 16. Bxc6 bxc6 17. a3 c5 18. Ke2 Rab8 19. Rc2 Rd8 20. Rd1 Rxd1
21. Kxd1 Rd8+ 22. Rd2 Rxd2+ 23. Kxd2 Nc7 24. Be3 Ne6 25. Kd3 h6 26. Ke4 f5+ 27.
Kd5 Kf7 28. h4 f4 29. Bd2 g5 30. hxg5 hxg5 31. g4 fxg3 32. fxg3 g4 33. Nh2 Nd4
34. Nxg4 e6+ 35. Ke4 Nf5 36. Bf4 Ne7 37. Be3 Nf5 38. Bxc5 a6 39. Bf2 Ke7 40.
Ne3 Nh6 41. g4 Kd7 42. Bh4 Nf7 43. Bf6 Bh6 44. b3 Kc6 45. Ng2 Ng5+ 46. Bxg5
Bxg5 47. Nf4 Kd7 48. b4 Bh4 49. Nd3 Kc6 50. Nc5 a5 51. Nxe6 axb4 52. axb4 Kb5
53. g5 1-0

[Event "WYCC 2004 - G14"]
[Site "Creta Maris Conference Hotel"]
[Date "2004.11.10"]
[Round "7.8"]
[White "Vazirova, Karina"]
[Black "Corke, Anya"]
[Result "0-1"]
[WhiteElo "2112"]
[BlackElo "2041"]
[PlyCount "114"]
[EventDate "2004.11.04"]

1. e4 c5 2. Nf3 e6 3. c3 d5 4. exd5 Qxd5 5. d4 Nf6 6. Be3 cxd4 7. cxd4 Be7 8.
Nc3 Qd8 9. Bc4 O-O 10. O-O Nc6 11. Qe2 Nb4 12. Ne5 Nbd5 13. Rac1 a6 14. Bd3 Bd7
15. g4 Nxc3 16. bxc3 Nd5 17. c4 Nxe3 18. fxe3 f6 19. g5 f5 20. g6 hxg6 21. Nxg6
Rf6 22. Qh5 Bd6 23. e4 Qe8 24. exf5 exf5 25. Qh8+ Kf7 26. Qxe8+ Rxe8 27. Nf4
Bxf4 28. Rxf4 Re3 29. Rd1 g5 30. Rf2 f4 31. c5 Be6 32. Bc2 Bd5 33. Rd3 Re1+ 34.
Rf1 Re2 35. Bb3 Ke6 36. Rf2 Re1+ 37. Rf1 Rxf1+ 38. Kxf1 g4 39. Kf2 Rh6 40. Kg1
Rh7 41. Rd1 Bxb3 42. axb3 Kd5 43. Kg2 Re7 44. h3 gxh3+ 45. Kxh3 Re3+ 46. Kg4 f3
47. Kg3 Rxb3 48. Kf2 a5 49. Ra1 Ke4 50. Rxa5 Rb2+ 51. Kf1 Kxd4 52. Ra3 Ke4 53.
Rc3 Kf4 54. Rc1 Kg3 55. Kg1 Rg2+ 56. Kf1 Rh2 57. Kg1 f2+ 0-1

[Event "WYCC 2004 - G14"]
[Site "Creta Maris Conference Hotel"]
[Date "2004.11.10"]
[Round "7.11"]
[White "Chirivi, Yenny"]
[Black "Stefanova, Milena"]
[Result "1-0"]
[WhiteElo "2070"]
[BlackElo "1972"]
[PlyCount "59"]
[EventDate "2004.11.04"]

1. d4 Nf6 2. c4 c5 3. d5 e6 4. Nc3 exd5 5. cxd5 d6 6. g3 g6 7. Bg2 Bg7 8. Nf3
O-O 9. O-O a6 10. a4 Nbd7 11. Nd2 Ne5 12. f4 Ned7 13. e4 Re8 14. Qb3 Qc7 15.
Nc4 Ng4 16. Ne2 Rb8 17. h3 Ngf6 18. Nc3 Bf8 19. e5 Nh5 20. g4 Ng7 21. Ne4 dxe5
22. d6 Qd8 23. Nxe5 Nxe5 24. fxe5 Be6 25. Qc3 c4 26. Qe3 Qh4 27. Nf6+ Kh8 28.
Nxe8 Nxe8 29. Qa7 Qg3 30. Bf4 1-0

[Event "WYCC 2004 - B16"]
[Site "Creta Maris Conference Hotel"]
[Date "2004.11.10"]
[Round "7.1"]
[White "Rodshtein, Maxim"]
[Black "Iotov, Valentin"]
[Result "1/2-1/2"]
[WhiteElo "2377"]
[BlackElo "2414"]
[PlyCount "48"]
[EventDate "2004.11.04"]

1. d4 Nf6 2. c4 e6 3. Nc3 Bb4 4. Qc2 c5 5. dxc5 O-O 6. a3 Bxc5 7. Nf3 b6 8. Bf4
Bb7 9. e3 Bxf3 10. gxf3 Nh5 11. Bg3 f5 12. f4 Nc6 13. Be2 Nf6 14. Rd1 Rc8 15.
Kf1 Rf7 16. Bh4 Be7 17. Bxf6 Bxf6 18. Nb5 Be7 19. Qa4 Bc5 20. b4 Bf8 21. Bf3 a5
22. Nd4 Nxd4 23. Rxd4 axb4 24. axb4 g6 1/2-1/2

[Event "WYCC 2004 - B16"]
[Site "Creta Maris Conference Hotel"]
[Date "2004.11.10"]
[Round "7.2"]
[White "Sirotine, Konstantin"]
[Black "Baramidze, David"]
[Result "0-1"]
[WhiteElo "2400"]
[BlackElo "2543"]
[PlyCount "94"]
[EventDate "2004.11.04"]

1. e4 c5 2. Nf3 d6 3. c3 Nf6 4. h3 g6 5. Bd3 Bg7 6. Bc2 Nc6 7. O-O O-O 8. d4
cxd4 9. cxd4 Nb4 10. Bb3 d5 11. e5 Ne4 12. Nc3 Nxc3 13. bxc3 Nc6 14. Re1 Na5
15. Bc2 Bd7 16. Ng5 Rc8 17. e6 Bxe6 18. Rxe6 fxe6 19. Nxe6 Qd6 20. Nxf8 Rxf8
21. Qd3 Nc4 22. Bb3 Rc8 23. Bg5 Bf6 24. Bxf6 Qxf6 25. Bxc4 Rxc4 26. Re1 e6 27.
Re3 a6 28. Qb1 b5 29. a4 bxa4 30. Qb8+ Qf8 31. Qxf8+ Kxf8 32. Rxe6 Rxc3 33.
Rxa6 Rc4 34. Kf1 Rxd4 35. Ra5 Ke7 36. Ra7+ Ke6 37. Rxh7 a3 38. Ra7 Rd1+ 39. Ke2
Ra1 40. Kf3 a2 41. Ra6+ Ke5 42. h4 d4 43. Ra5+ Kd6 44. Kg4 d3 45. Ra3 Ke6 46.
Ra6+ Kd5 47. Ra8 Kc6 0-1

[Event "WYCC 2004 - B16"]
[Site "Creta Maris Conference Hotel"]
[Date "2004.11.10"]
[Round "7.3"]
[White "Mamedov, Rauf"]
[Black "Ragger, Markus"]
[Result "1/2-1/2"]
[WhiteElo "2517"]
[BlackElo "2428"]
[PlyCount "51"]
[EventDate "2004.11.04"]

1. e4 e5 2. Nf3 Nc6 3. d4 exd4 4. Nxd4 Nf6 5. Nxc6 bxc6 6. e5 Qe7 7. Qe2 Nd5 8.
c4 Ba6 9. b3 g6 10. g3 Bg7 11. Bb2 O-O-O 12. Bg2 Rhe8 13. O-O Bxe5 14. Qxe5
Qxe5 15. Bxe5 Rxe5 16. cxd5 Bxf1 17. Kxf1 cxd5 18. Nc3 c6 19. Ne2 Kc7 20. Nf4
Kd6 21. Nd3 Ree8 22. Rc1 a5 23. h4 Rb8 24. Bf3 h6 25. h5 g5 26. g4 1/2-1/2

[Event "WYCC 2004 - B16"]
[Site "Creta Maris Conference Hotel"]
[Date "2004.11.10"]
[Round "7.5"]
[White "Braun, Arik"]
[Black "Glud, Jacob Vang"]
[Result "1-0"]
[WhiteElo "2480"]
[BlackElo "2292"]
[PlyCount "69"]
[EventDate "2004.11.04"]

1. d4 d5 2. c4 e6 3. Nc3 Be7 4. Nf3 Nf6 5. Bg5 Nbd7 6. cxd5 exd5 7. e3 O-O 8.
Bd3 Re8 9. O-O c6 10. Qc2 g6 11. h3 Nh5 12. Bxe7 Qxe7 13. Rab1 Ng7 14. b4 a6
15. a4 Nb6 16. a5 Nd7 17. Na4 Nf6 18. Nb6 Rb8 19. Nxc8 Rbxc8 20. Rfe1 Ne6 21.
Nd2 Qd6 22. Qc3 Re7 23. Rbd1 Rce8 24. Bb1 Ng5 25. Nf1 Nfe4 26. Qb2 h5 27. h4
Nh7 28. g3 Nhf6 29. f3 Nxg3 30. Qh2 Qxb4 31. Qxg3 Qxa5 32. Qf4 Kg7 33. Ng3 Qc7
34. Qg5 Kh7 35. Nf5 1-0

[Event "WYCC 2004 - B16"]
[Site "Creta Maris Conference Hotel"]
[Date "2004.11.10"]
[Round "7.6"]
[White "Moranda, Wojciech"]
[Black "Grigoryan, Avetik"]
[Result "1/2-1/2"]
[WhiteElo "2458"]
[BlackElo "2227"]
[PlyCount "65"]
[EventDate "2004.11.04"]

1. d4 e6 2. c4 f5 3. g3 Nf6 4. Bg2 d5 5. Nh3 c6 6. O-O Bd6 7. b3 O-O 8. Ba3
Bxa3 9. Nxa3 Qe7 10. Qc1 Bd7 11. Nc2 Be8 12. Qb2 Nbd7 13. Ne1 h6 14. Nf4 g5 15.
Nfd3 Bg6 16. Nf3 f4 17. Nfe5 Be4 18. f3 Bxd3 19. exd3 fxg3 20. hxg3 Nxe5 21.
dxe5 Nh5 22. Kh2 Rad8 23. Qf2 Ng7 24. Qxa7 d4 25. Qa5 Nf5 26. Qd2 Ne3 27. Rfe1
Qc5 28. Re2 Qxe5 29. Rae1 Rf6 30. Rxe3 dxe3 31. Rxe3 Qd6 32. Qe2 Kg7 33. Bh3
1/2-1/2

[Event "WYCC 2004 - B16"]
[Site "Creta Maris Conference Hotel"]
[Date "2004.11.10"]
[Round "7.7"]
[White "Lenic, Luka"]
[Black "Chadaev, Nikolai"]
[Result "1-0"]
[WhiteElo "2434"]
[BlackElo "2443"]
[PlyCount "97"]
[EventDate "2004.11.04"]

1. d4 Nf6 2. c4 g6 3. Nc3 Bg7 4. e4 d6 5. Nf3 O-O 6. Be2 Bg4 7. Be3 Nfd7 8. Ng1
Bxe2 9. Ngxe2 c5 10. O-O a6 11. dxc5 Nxc5 12. Bxc5 dxc5 13. Qb3 Nc6 14. Rfd1
Nd4 15. Nxd4 Bxd4 16. Ne2 Qd7 17. Nxd4 cxd4 18. e5 Rfd8 19. Rd2 Rac8 20. Rad1
Qc7 21. e6 Qxc4 22. exf7+ Kxf7 23. Qxb7 Rc6 24. b3 Qb5 25. Qxb5 axb5 26. f4
Rcd6 27. Kf2 g5 28. fxg5 e5 29. Kf3 Ke6 30. Ke4 Rf8 31. g3 Rc6 32. a4 Rc3 33.
Rd3 b4 34. a5 Rf2 35. Rxc3 bxc3 36. Ra1 Re2+ 37. Kf3 d3 38. a6 e4+ 39. Kg4 Ra2
40. Rxa2 d2 41. a7 d1=Q+ 42. Kh4 h5 43. h3 c2 44. a8=Q c1=Q 45. Ra6+ Ke5 46.
Ra5+ Kd6 47. Qd8+ Ke6 48. Qf6+ Kd7 49. Ra7+ 1-0

[Event "WYCC 2004 - B16"]
[Site "Creta Maris Conference Hotel"]
[Date "2004.11.10"]
[Round "7.8"]
[White "Pruijssers, Roeland"]
[Black "Brkic, Ante"]
[Result "0-1"]
[WhiteElo "2295"]
[BlackElo "2454"]
[PlyCount "72"]
[EventDate "2004.11.04"]

1. e4 c5 2. Nf3 e6 3. d4 cxd4 4. Nxd4 Nf6 5. Nc3 d6 6. Be2 a6 7. f4 Qc7 8. O-O
Be7 9. Bf3 O-O 10. Kh1 Nc6 11. Be3 Bd7 12. Qe2 Rfe8 13. g4 Nxd4 14. Bxd4 Bc6
15. Qg2 Nd7 16. g5 e5 17. Be3 exf4 18. Bxf4 Bf8 19. Rad1 Ne5 20. Rf2 Nxf3 21.
Qxf3 b5 22. Nd5 Qb7 23. Rfd2 Re6 24. Rd4 Rae8 25. Kg1 Rxe4 26. Rxe4 Bxd5 27.
Rxe8 Bxf3 28. Bxd6 h5 29. g6 fxg6 30. Rxf8+ Kh7 31. Rd4 g5 32. Rf5 Kg6 33. Re5
Qc8 34. Be7 Qxc2 35. Rxg5+ Kh7 36. h4 Qc1+ 0-1